000 00530ntaaa2200193 4500
003 01
005 20251027202148.0
008 0714s1973 ag 01
040 _aAR-BaBN
_bspa
_cAR-BaBN
_eaacr
_dRIC
082 _a264.6000 Sh2
245 _aCome into His presence
250 _a1 ed.
260 _aNashville :
_bConvention Press,
_cc1957
300 _a128 p
500 _aProgramas devocionales para el Departamento de Intermedios
650 _aprogramas de adoración
_920103
700 _aSharp, Margaret
_920104
942 _cBK
999 _c16584
_d16584